Statistics for San Francisco Airport (SFO) Destinations

Click here to take the quiz!

General Stats

  • This quiz has been taken 279 times
    (164 since last reset)
  • The average score is 83 of 131

Answer Stats

Hint Answer % Correct
Alaska Air, American, Delta, JetBlue, UnitedNew York-JFK
98%
Air CanadaToronto
96%
Air Canada, United, United Express, WestJetVancouver
96%
Air China, UnitedBeijing
95%
All Nippon Airways, UnitedTokyo-Narita
95%
Japan AirlinesTokyo-Haneda
95%
Aeromexico, Alaska Air, United, VolarisMexico City
95%
Alaska Air, Delta, Delta Connection, UnitedSeattle/Tacoma
95%
American, UnitedDallas-Fort Worth
94%
British Air, United, Virgin AtlanticLondon-Heathrow
94%
Alaska Air, SouthwestDallas-Love
94%
Alaska Air, American, Delta Connection, Southwest, United, United ExpressLos Angeles
93%
Aer LingusDublin
93%
American, UnitedMiami
92%
Air France, United, XL Airways FranceParis-Charles de Gaulle
92%
SouthwestChicago-Midway
91%
Alaska Air, Delta, JetBlue, UnitedBoston
91%
Alaska Air, American, Frontier, UnitedChicago-O'hare
91%
Alaska Air, UnitedWashington-Dulles
91%
UnitedHouston-Intercontinental
91%
Singapore Airlines, UnitedSingapore
90%
Alaska Air, American, Frontier, Southwest, United, United ExpressPhoenix
90%
China Eastern, UnitedShanghai-Pudong
90%
Qantas, UnitedSydney
90%
Alaska Air, UnitedWashington-National
89%
Delta, fUnitedAtlanta
89%
Alaska Air, Southwest, United, United ExpressPortland (OR)
89%
Lufthansa, UnitedFrankfurt
89%
Alaska Air, Southwest, United, United, ExpressSan Diego
89%
Asiana Air, Korean Air, UnitedSeoul-Incheon
88%
Alaska Air, Frontier, UnitedOrlando
88%
Alaska Air, Frontier, JetBlue, Southwest, United, United ExpressLas Vegas
88%
Alaska Air, Frontier, Southwest, UnitedDenver
88%
Alaska Air, Delta, Hawaiian, UnitedHonolulu
88%
Air CanadaMontreal
88%
IberiaMadrid
88%
Cathay Pacific, Singapore Airlines, UnitedHong Kong
87%
Lufthansa, UnitedMunich
87%
Philippine AirManila
86%
Alaska Air, United, United ExpressAustin
86%
Alaska Air, Delta, Sun Country, United, United ExpressMinneapolis
86%
Delta, UnitedDetroit
86%
KLMAmsterdam
85%
Air New Zealand, UnitedAuckland
85%
UnitedTampa
82%
Air Canada Express, United, United Express, WestJetCalgary
81%
UnitedAnchorage
81%
Alaska Air, American, UnitedPhiladelphia
80%
Alaska Air, UnitedNew Orleans
80%
EmiratesDubai
78%
Air IndiaDelhi
78%
Alaska Air, Interjet, UnitedCancun
78%
Frontier, UnitedCleveland
76%
China Airlines, EVA Air, UnitedTaipei-Taoyuan
76%
Alaska Air, Delta, Delta Connection, United, United ExpressSalt Lake City
76%
Alaska Air, UnitedSan Jose del Cabo
76%
AmericanCharlotte
76%
Turkish AirlinesIstanbul-Ataturk
75%
Scandinavian AirCopenhagen
74%
FinnairHelsinki
73%
United, United ExpressSacramento
72%
United ExpressBoise
71%
Alaska Air, UnitedBaltimore
71%
Alaska Air, UnitedNewark
71%
Alaska Air, United, United ExpressKansas City
71%
Swiss International AirlinesZurich
70%
Alaska Air, UnitedRaleigh/Durham
69%
United, United ExpressReno/Tahoe
69%
Aeromexico, Interjet, VolarisGuadalajara
68%
Alaska Air, UnitedNashville
68%
United ExpressSan Antonio
68%
United ExpressOklahoma City
68%
Southwest, United, United ExpressSt. Louis
66%
China SouthernGuangzhou
66%
UnitedOsaka-Kansai
66%
Alaska Air, UnitedIndianapolis
64%
UnitedPittsburgh
64%
Avianca El SalvadorSan Salvador
64%
Alaska Air, United ExpressAlbuquerque
63%
United ExpressTucson
62%
WOW AirReykjavik
58%
Alaska Air, Southwest, United, United ExpressOrange County
57%
SouthwestMilwaukee
56%
Delta, Frontier, UnitedCincinnati
54%
United, United ExpressFresno
53%
United, United ExpressSpokane
53%
Copa AirPanama City
53%
Thomas Cook Air, Virgin AtlanticManchester
53%
Alaska Air, JetBlue, UnitedFort Lauderdale
50%
FrontierColorado Springs
49%
UnitedChengdu
49%
Air BerlinDusseldorf
49%
United ExpressBakersfield
44%
United ExpressOmaha
43%
United, United ExpressEugene
43%
UnitedXi'an
41%
JetBlueLong Beach
38%
Alaska Air, UnitedKailui-Kona
38%
United ExpressAspen
35%
Southwest, United, United ExpressBurbank
35%
China SouthernWuhan
34%
UnitedTel Aviv
34%
United, United ExpressBozeman
33%
Alaska Air, UnitedPuerto Vallarta
32%
Alaska Air, United, United ExpressPalm Springs
32%
UnitedHartford
32%
United, United ExpressSanta Barbara
32%
UnitedLihue
31%
United, United ExpressOntario
30%
Fiji AirNadi
30%
United ExpressMonterey
29%
United ExpressJackson Hole
29%
United ExpressRedding
28%
Alaska Air, Hawaiian Airlines, UnitedKahului
28%
United ExpressEagle/Vail
27%
United, United ExpressMedford
27%
United ExpressEureka/Arcata
25%
United ExpressSan Luis Obispo
23%
United ExpressRedmond/Bend
23%
United ExpressVictoria
22%
United ExpressMissoula
21%
China EasternQingdao
21%
United ExpressSanta Rosa
19%
China EasternKunming
18%
United ExpressKalispell
17%
United ExpressTri Cities (WA)
15%
United ExpressSun Valley
11%
United ExpressMontrose
10%
United ExpressFayetteville/Bentonville
9%
United ExpressMammoth Lakes
9%
United ExpressNorth Bend/Coos Bay
5%

Score Distribution

Percentile by Number Answered

Percent of People with Each Score

Your Score History

You have not taken this quiz since the last reset